A Muzsikás együttes Londonban és Budapesten népszerűségük oka nem csak a tudatos műsorszerkesztés ...

Bibliographic Details
Main Author: Sebők, Géza, 1950- (Author)
Format: Article
Language:Hungarian
Subjects:

MARC

LEADER 00000nab a2200000 a 4500
001 vtls000692685
003 SK-MaSNL
005 20260319075537.0
008 160405c1999 xo 0 hun
015 |a SNBRB1999/04-10553 
035 |a CLN000044852 
040 |a SNKBUCL  |b slo  |c SNKBUCL  |e AACR2 
041 0 |a hun 
044 |a xo  |c SK 
080 |a 78.071.2:784.4:061.7  |2 1997 
080 |a 784.4  |2 1997 
100 1 |a Sebők, Géza,  |d 1950-  |4 aut  |9 120050 
245 1 0 |a A Muzsikás együttes Londonban és Budapesten  |b népszerűségük oka nem csak a tudatos műsorszerkesztés ...  |c Sebők Géza 
300 |b Fotogr. 
600 1 7 |a Sebestyén, Márta  |d 1957-  |x koncerty  |z Londýn (Anglicko)  |y 15.11.1999  |z Budapešť (Maďarsko)  |y 22.3.1999  |2 snkbucl  |9 889201 
610 7 |a Muzsikás (hudobná skupina)  |x koncerty  |y 1999  |2 snkbucl  |9 889202 
655 7 |a články z novín a časopisov  |2 snkbucl  |9 267496 
773 0 |t Új szó  |g Roč. 52, č. 87 (16.4.1999), s. 11 
850 |a Slovenská národná knižnica v Martine 
852 |a SNK  |b KIS3GCP 
958 |a HU 
958 |a RBX 
999 |c 1410137  |d 1412067